| 000 -LEADER |
| fixed length control field |
00401nam a2200145 4500 |
| 003 - CONTROL NUMBER IDENTIFIER |
| control field |
OSt |
| 005 - DATE AND TIME OF LATEST TRANSACTION |
| control field |
20210623133747.0 |
| 008 - FIXED-LENGTH DATA ELEMENTS--GENERAL INFORMATION |
| fixed length control field |
210623b ||||| |||| 00| 0 eng d |
| 020 ## - INTERNATIONAL STANDARD BOOK NUMBER |
| International Standard Book Number |
9780304366675 |
| 082 ## - DEWEY DECIMAL CLASSIFICATION NUMBER |
| Classification number |
720.941 |
| Item number |
BRU |
| 100 ## - MAIN ENTRY--PERSONAL NAME |
| Personal name |
Brunskill, R. W. |
| 245 ## - TITLE STATEMENT |
| Title |
Traditional buildings of Britain : an introduction to vernacular architecture |
| 260 ## - PUBLICATION, DISTRIBUTION, ETC. (IMPRINT) |
| Name of publisher, distributor, etc |
Yale university press |
| Date of publication, distribution, etc |
2004 |
| 942 ## - ADDED ENTRY ELEMENTS (KOHA) |
| Source of classification or shelving scheme |
|